| 000 | 00480 a2200157 4500 | ||
|---|---|---|---|
| 020 | _a0006170048 | ||
| 082 | _a823.912 | ||
| 090 |
_c1029 _d1029 |
||
| 100 | _aChristie, Agatha. | ||
| 245 |
_aEvil under the sun _cAgatha Christie |
||
| 260 |
_aLondon: _bHarper Collins Publishers, _c1941. |
||
| 300 |
_a219 p. _b19 cm. |
||
| 500 | _aIncludes Index | ||
| 650 | _a1.Poirot, Hercule (Fictitious character) --Fiction.2.Private investigators --England --Fiction. | ||
| 942 |
_cBK _k823.912 CHR |
||
| 999 |
_c4992 _d4992 |
||